[Event "Bundesliga 0001"]
[Site "Germany"]
[Date "2001.03.11"]
[Round "11.6"]
[White "Hansen, Curt"]
[Black "Hodgson, Julian M"]
[Result "0-1"]
[WhiteElo "2613"]
[BlackElo "2640"]
[Annotator "Ribli,Z"]
[PlyCount "52"]
[EventDate "2000.10.14"]
[EventType "team-tourn"]
[EventRounds "15"]
[EventCountry "GER"]
[SourceTitle "CBM 082"]
[Source "ChessBase"]
[SourceDate "2001.05.17"]
[SourceVersion "1"]
[SourceVersionDate "2001.05.17"]
[SourceQuality "1"]
[WhiteTeam "Porz"]
[BlackTeam "Luebeck"]
[WhiteTeamCountry "GER"]
[BlackTeamCountry "GER"]

1. c4 e5 2. g3 Nc6 3. Bg2 g6 4. Nc3 Bg7 5. e3 (5. Rb1) (5. e4) 5... d6 6. Nge2
h5 (6... Nge7) (6... f5) 7. d4 {Diese Fortsetzung sieht natürlich aus, aber
meiner Meinung nach wäre die Alternative stärker.} (7. h4 $142 $5 {Ich
empfehle diesen Zug, denn damit kann Weiß das durch h5-h4 initiierte schwarze
Spiel am Königsflügel einfach unterbinden.} Bg4) 7... exd4 $5 {Dieser
Zwischenzug im Zentrum ist stärker als der sofortige Angriffszug am
Königsflügel.} (7... h4 8. d5 Nce7 9. e4 f5 10. Bg5 h3 11. Bf1 Nf6 12. exf5 (
12. Qd2 $1 Nxe4 (12... fxe4 13. Bxf6 $1 Bxf6 14. Nxe4 $16 {><g6, h3}) 13. Nxe4
fxe4 14. Nc3 Bf5 15. Be2 Qd7 16. Rg1 $16 {/\ g4 Chernin,A}) 12... Bxf5 13. f3
Bd7 14. Qd2 Nh7 15. Bh6 Nf5 16. Bxg7 Nxg7 17. O-O-O Qf6 18. f4 O-O 19. Ne4 Qe7
20. Nf2 Ng5 21. Qd3 e4 22. Qe3 Nf5 23. Qb3 Ng7 24. Qe3 Nf5 25. Qb3 Ng7 26. Qe3
Nf5 {1/2-1/2 Schlosser,P-Almasi,Z/Germany 1998/GER-chT (26)}) 8. Nxd4 (8. exd4
h4 $5 (8... Bg4 9. h3 Bf5 (9... Bxe2 10. Nxe2 Nh6 11. O-O O-O 12. Bd2 Nf5 13.
Bc3 a5 14. Qd2 Qd7 15. Rfe1 a4 16. b4 axb3 17. axb3 Rxa1 18. Bxa1 {1-0 Nikolac,
J-Gazarek,D/Makarska Tucepi 1995/EXT 97 (36)}) 10. Nd5 Qd7 11. Bg5 f6 12. Be3
O-O-O 13. b4 Re8 14. Qa4 Kb8 15. b5 Nd8 16. Nb4 Ne7 17. c5 Nc8 18. c6 Qf7 19.
cxb7 Nxb7 20. Nc6+ Ka8 21. Nc3 Bh6 22. Nxa7 {1-0 Rahman,Z-Fraser Mitchell,J/
London 1999/EXT 2000 (22)}) (8... Bf5 9. Be3 Qd7 10. h3 Nb4 11. Kf1 Nc2 {
1/2-1/2 Cvetkovic,S-Djukic,Z/Kladovo 1991/TD (11)}) 9. Be3 Bf5 (9... Kf8 10.
Qd2 Bf5 11. Nf4 Qd7 12. O-O-O Re8 13. f3 g5 14. Nfd5 Na5 15. b3 {1-0 Seirawan,
Y-Nikolic,P/Wijk aan Zee 1995/CBM 45 (41)}) 10. Qb3 Nge7 11. Nd5 Nxd5 12. cxd5
Ne7 13. Rc1 b6 14. Qc4 Rc8 15. Qa6 Qd7 16. Qxa7 h3 17. Bf3 O-O 18. O-O Bg4 {
0-1 Teske,H-Polzin,R/Dresden 1996/CBM 53 ext (39)}) 8... Nge7 $5 (8... Nxd4 9.
exd4 Ne7 (9... Bg4 10. Qd3 Bf5 11. Qe2+ Ne7 12. O-O O-O 13. Bg5 Re8 14. Rfe1 f6
15. Be3 {1-0 Cole,R-Hansen,L/Aarhus 1993/EXT 99 (34)}) 10. Bg5 O-O 11. Qd2 Kh7
12. O-O f6 13. Be3 {1-0 Trifunov,D-Rasmussen,K/Copenhagen 1982/EXT 2000 (37)})
9. Nde2 $2 {[%mdl 16384] Dieser passive Springerzug überlässt Schwarz die
Initiative.} (9. h3 Nxd4 10. exd4 Nf5 11. Ne4 O-O 12. O-O Nxd4 13. Bg5 f6 14.
Qxd4 fxg5 15. Qd5+ Kh8 16. Nxg5 Qf6 17. h4 c6 18. Qd2 Bf5 {1/2-1/2 Geller,
E-Kholmov,R/Moscow 1964/MCL (33)}) (9. Nxc6 Nxc6 10. Nd5 (10. h3 Be6 11. Qa4
Qd7 (11... O-O 12. Bxc6 bxc6 13. Qxc6 $13) 12. Bd2 $14 O-O 13. Nd5 a6 14. Bc3
b5 15. cxb5 Ne5 {0-1 Cvetkovic,S-Raicevic,V/Vrnjacka Banja 1989/CBM 13 (40)})
10... Bg4 11. Qb3 Rb8 12. h3 Bf5 13. Bd2 Ne5 14. Bc3 c6 15. Nf4 O-O 16. Rd1 Qe7
17. O-O Rfd8 18. Bd4 {1/2-1/2 Gausel,E-Elsness,F/NOR-ch 1995/EXT 97 (42)}) (9.
O-O h4 $1 10. b3 hxg3 11. hxg3 Bh3 12. Bb2 Bxg2 13. Kxg2 Qd7 14. Nxc6 Qh3+ 15.
Kf3 Nxc6 {0-1 Teske,H-Hodgson,J/Germany 1996/GER-chT (46)}) 9... h4 $40 {
Der schwarze Rh8 steht gefährlich auf seinem Ausgangsfeld. Schwarz besitzt
Initiative am Königsflügel.} 10. O-O (10. b3 {Die Idee des Zugs ist die
Entwicklung des Läufers nach b2, nebst langer Rochade.} Ne5 $36 {Anschließend
kann Schwarz entweder Bf5 oder Bg4 spielen.}) 10... hxg3 11. hxg3 Bh3 {Schwarz
verfolgt eine einfache Strategie - nach dem Läufertausch will er Qd7 ziehen
und lang rochieren.} 12. Bxh3 Rxh3 $15 13. Nf4 (13. Kg2 Qd7 14. Rh1 Rxh1 15.
Qxh1 O-O-O $17 {[%cal Rd8h8,Rh8h1]}) 13... Rh7 14. c5 {Die Stellung ist
strategisch sehr schwer für Weiß - mit diesem Bauernopfer versucht er, noch
ein wenig im Trüben zu fischen.} Bxc3 (14... dxc5 15. Ne4 Qxd1 16. Rxd1 b6 $17)
15. bxc3 dxc5 16. Qf3 (16. Qb3 g5 17. Rd1 Qc8 $19) 16... Qd7 17. Ba3 O-O-O $17
{Es gibt einen großen Unterschied zwischen der weißen und der schwarzen
Königsstellung. Die weißen Felder am weißen Königsflügel sind schwach, Schwarz
kann dort mit Rdh8 sofort seinen Angriff aufziehen.} 18. Rad1 (18. Bxc5 Ne5 19.
Qe4 N7c6 $17) 18... Ne5 19. Qe4 (19. Qe2 Rdh8 $19) 19... Qxd1 $1 20. Rxd1 Rxd1+
21. Kg2 N7c6 $1 $19 {Schwarz hat R+R+P für die Q, aber - das ist noch
wichtiger - die weiße Königsstellung ist noch genauso schwach wie zuvor.} 22.
Nh3 (22. Bxc5 f5 23. Qa4 Rdh1 $19) 22... b6 {[%csl Ra3]} (22... c4 $19) 23. g4
(23. Qc2 Rd8 $19) 23... Kb7 $1 {Schwarz bereitet f7-f5 vor und verteidigt
gleichzeitig den Nc6. Dadurch wird zudem der Ne5 befreit.} 24. Kg3 (24. g5 Nd3
$19) 24... f5 {[%mdl 128]} 25. gxf5 gxf5 26. Qxf5 Rg7+ (26... Rg7+ 27. Kh4 (27.
Ng5 Rxg5+ $19) (27. Kh2 Ng4+ $19) 27... Rd8 28. Ng5 Rf8 29. Qxf8 Ng6+ $19 {
[%cal Rg6f8,Rg6h4]}) 0-1

[Event "Sonnevanck 3rd"]
[Site "Wijk aan Zee"]
[Date "1993.??.??"]
[Round "6"]
[White "Johansen, Darryl Keith"]
[Black "Sokolov, Andrei"]
[Result "1-0"]
[WhiteElo "2495"]
[BlackElo "2525"]
[Annotator "Rogers,I"]
[PlyCount "107"]
[EventDate "1993.??.??"]
[EventType "tourn"]
[EventRounds "9"]
[EventCountry "NED"]
[EventCategory "10"]
[SourceTitle "CBM 040"]
[Source "ChessBase"]
[SourceDate "1994.06.01"]
[SourceVersion "1"]
[SourceVersionDate "1994.06.01"]
[SourceQuality "1"]

1. c4 e5 2. Nc3 Nc6 3. g3 g6 4. Bg2 d6 5. d3 Bg7 6. Rb1 Bd7 7. b4 Qc8 8. e3
Nge7 9. h3 O-O 10. Nge2 Kh8 $6 {Not especially relevant in the coming
heavy-weight positional manoeuvring battle.} 11. b5 Nd8 12. a4 f5 13. f4 Be6
14. O-O Nf7 15. a5 Rb8 16. Nd5 Nxd5 17. cxd5 Bd7 18. Qb3 $6 a6 $1 19. b6 cxb6
20. axb6 Bb5 $1 21. Rf2 Qc5 22. Bd2 Rbc8 $2 ({Black would hold a serious
advantage after} 22... Rfc8 $1) 23. Rc1 $1 Qxb6 24. Nc3 Rc5 25. Kh2 $1 Qd8 26.
fxe5 $1 Nxe5 $5 {Under pressure, Sokolov decides to jettison material.} ({After
} 26... dxe5 27. Qa3 $1 {is strong as} Qd6 {loses to} 28. Ne4) 27. d4 Rxc3 28.
Rxc3 Nd7 29. Be1 Nf6 30. Rfc2 Ne4 31. Rc7 $1 Nc5 $1 32. R7xc5 $1 dxc5 33. dxc5
Re8 34. Bc3 h5 35. h4 Kh7 36. Bxg7 Kxg7 37. c6 bxc6 38. dxc6 {Now White's c
pawn is a winner, although the technical process is not easy.} Qc7 39. Qc3+ Kh7
40. Rd2 Re7 41. Bd5 Qa7 42. e4 $1 fxe4 43. Qf6 Bd3 44. Rb2 Bb5 45. Rd2 Bd3 46.
Rb2 Bb5 47. Rc2 $1 Qc7 48. Qf8 Rg7 49. Bxe4 Qe5 50. Bg2 Bd3 51. Rc5 Qc7 52. Rd5
$1 Bc4 53. Rd8 Bg8 ({White's attack also triumphs after} 53... Kh6 54. Qh8+ Rh7
55. Qf6 $1) 54. Bd5 $1 1-0

[Event "ROM-ch"]
[Site "Iasi"]
[Date "1999.12.26"]
[Round "14"]
[White "Rogozenco, Dorian"]
[Black "Parligras, Mircea Emilian"]
[Result "1-0"]
[WhiteElo "2577"]
[BlackElo "2377"]
[Annotator "Rogozenco,D"]
[PlyCount "55"]
[EventDate "1999.12.13"]
[EventType "tourn"]
[EventRounds "15"]
[EventCountry "ROU"]
[EventCategory "9"]
[SourceTitle "CBM 075"]
[Source "ChessBase"]
[SourceDate "2000.04.05"]
[SourceVersion "1"]
[SourceVersionDate "2000.04.05"]
[SourceQuality "1"]

1. c4 e5 2. g3 Nc6 3. Nc3 Nf6 4. Bg2 Bc5 5. e3 d5 6. cxd5 Nb4 7. d4 exd4 8.
exd4 Be7 9. Nge2 Bf5 (9... O-O 10. O-O Nbxd5 11. Qb3 c6 12. Bg5 h6 13. Bxf6
Nxf6 14. d5 c5 15. Rad1 Bd6 16. Nb5 a6 17. Nxd6 Qxd6 18. a4 b5 $1 $15 {0-1
Bunzmann,D-Hodgson,J/Germany 1999/ (34)}) 10. O-O Nc2 11. g4 (11. Rb1 Nb4 12.
Ra1 Nc2 13. g4 Bg6 14. g5 Nd7 15. Rb1 Nb4 16. Ra1 Nb6 17. f4 Bc2 18. Qd2 h6 19.
Ng3 Nc4 20. Qf2 Bd3 21. Rd1 Bc2 22. Rf1 Bd3 23. Rd1 Bc2 {1/2-1/2 Chernin,
A-Miles,A/Moscow 1989/ (23)}) 11... Bg6 12. f4 $1 $146 Nxa1 (12... Nxg4 13. f5
Bd6 14. Qxc2 $1 (14. h3 Bh2+ 15. Kh1 Nxa1 16. hxg4 $13) 14... Bxh2+ 15. Kh1 Qh4
16. Bg5 $1 Qxg5 17. Bh3 Bh5 18. Bxg4 Bxg4 19. Kxh2 $16) 13. f5 Nxg4 (13... Bd6
$5 14. Bf4 Nxg4 15. fxg6 hxg6 $13) 14. Ng3 Nxh2 (14... Qd7 15. Qxg4 $16) 15.
Kxh2 Bd6 16. Nce4 $1 Qh4+ (16... O-O 17. Bg5 Bxg3+ 18. Kxg3 f6 19. fxg6 fxg5
20. Qxa1 $16) 17. Bh3 $16 Qxe4 $2 (17... O-O-O 18. Nxd6+ (18. fxg6+ $2 Kb8 19.
Nxd6 $2 hxg6 $19) 18... Rxd6 19. fxg6+ Kb8 20. Nf5 $18) (17... Bxg3+ 18. Nxg3
O-O 19. Bf4 $1 $16) 18. Re1 Qxe1 19. Qxe1+ Kf8 20. fxg6 hxg6 21. Kg2 $1 $18 Nc2
22. Qf2 Nb4 23. Be6 f6 24. Bf4 Rh4 (24... Rd8 25. Bxd6+ Rxd6 26. Ne4 $18) 25.
Bxd6+ cxd6 26. Qd2 Na6 27. Qd3 g5 28. Qb5 1-0

[Event "Norway Chess 2nd"]
[Site "Stavanger"]
[Date "2014.06.12"]
[Round "8"]
[White "Svidler, Peter"]
[Black "Carlsen, Magnus"]
[Result "1/2-1/2"]
[WhiteElo "2753"]
[BlackElo "2881"]
[Annotator "Roiz,M"]
[PlyCount "74"]
[EventDate "2014.06.03"]
[EventType "tourn"]
[EventRounds "9"]
[EventCountry "NOR"]
[EventCategory "21"]
[SourceTitle "CBM 161"]
[Source "ChessBase"]
[SourceDate "2014.07.16"]
[SourceVersion "1"]
[SourceVersionDate "2014.07.16"]
[SourceQuality "1"]

1. c4 e5 2. Nc3 Nc6 3. Nf3 f5 {I guess this came as a real susprise for Peter.
This system is rarely seen on the top level.} 4. d3 {Not the most principled
response.} (4. d4 e4 {is the main theoretical line here, but it requires a lot
of knowledge from both players.}) 4... Nf6 5. g3 Bb4 6. Bg2 {This move is
connected with a definite strategic risk, since White's q-side pawn structure
becomes less flexible, while the bishops are not so strong in such a closed
positions.} ({That's why} 6. Bd2 $5 O-O 7. Bg2 d6 8. O-O {makes a lot of sense.
For instance,} Bd7 (8... Bc5 $142 9. e3 a6) 9. a3 Bxc3 10. Bxc3 Qe8 11. e3 f4
12. exf4 exf4 13. Qd2 $14 {1-0 Grandelius,N (2536)-Tikkanen,H (2591)/Germany
2011/CBM 146/[RR] (65)}) 6... Bxc3+ 7. bxc3 d6 8. O-O (8. Qb3 O-O 9. c5+ d5
$132) 8... O-O 9. Rb1 Qe8 10. Qb3 $6 {It looks like Peter wasn't familiar with
the chosen opening system. The queen has no good prospects there, so White is
just losing a tempo.} ({White's play should be based on attacking the
opponent's pawn centre by means of} 10. c5 dxc5 (10... Qh5 11. cxd6 cxd6 12.
Ba3 Rd8 13. Qd2 Rb8 14. Qg5 Qxg5 15. Nxg5 $14 {1-0 Vaganian,R (2625)
-Dzindzichashvili,R (2530)/Saint John 1988/EXT 1997 (53)}) (10... d5 11. Bg5
Qh5 12. e3 e4 13. Bxf6 Rxf6 14. Nd4 Qxd1 15. Rfxd1 Ne5 16. Nb5 c6 17. d4 Nc4
18. Nc7 Rb8 19. Na6 Ra8 20. Nc7 Rb8 21. Bf1 $14 {1/2-1/2 Ubilava,E (2525)
-Kristiansen,J (2430)/Kecskemet 1989/TD (46)}) 11. Be3 Qe7 12. Qa4 Kh8 13. Nd2
$44) ({Or even} 10. Ne1 $5 Qh5 11. f4 Re8 12. Nf3 e4 13. Nd4 Nxd4 14. cxd4 $132
{1-0 Nikolac,J (2485)-Plaskett,J (2470)/Bahrain 1990/CBM 020/[Ribli] (37)})
10... b6 $146 {This natural move is a sound novelty in a rare position.
Objectively speaking, Black's position already looks better, since White lacks
any counterplay on the q-side.} (10... Kh8 {1/2-1/2 Uddenfeldt,D-Kaplan,J/
Stockholm 1969/EXT 2001 (64)}) 11. Nh4 Na5 ({Another energetic way to handle
the position is} 11... e4 $5 12. f3 h6 13. fxe4 fxe4 14. Nf5 Bd7 $15) 12. Qa3 {
It is not easy to find a useful place for the queen now.} (12. Qc2 Rb8 13. Bg5
h6 14. Bxf6 Rxf6 $15) 12... Rb8 13. Be3 $6 {One more inaccurate move - the Be3
is just a target for Black's pieces, while f5-f4 would come with tempo.} ({
The lesser evil was} 13. Bg5 h6 14. Bxf6 Rxf6 $15 {getting rid of the useless
bishop.}) 13... f4 $1 {An obvious temporary pawn sacrifice.} 14. gxf4 {
Accepting the challenge.} (14. Bd2 Bg4 15. Rfe1 Qh5 $17) 14... Qh5 {Black's
attack plays itself now.} ({Magnus had another good possibility at his
disposal:} 14... e4 $5 15. dxe4 Nxe4 16. Rbd1 Bb7 $17 {White's position
desperately lacks any harmony.}) 15. Nf3 Bh3 {Liquidating the main defender of
White's monarch.} (15... e4 16. Ng5 exd3 17. exd3 Bf5 $17) 16. Bxh3 Qxh3 17.
Kh1 Rbe8 $1 (17... e4 18. dxe4 Nxe4 19. Rg1 c5 20. Rg2 Rbe8 21. Rbg1 Re7 $17)
18. Qb2 $6 (18. Qa4 e4 (18... exf4 19. Bxf4 Rxe2 20. Ng1 Qxd3 21. Nxe2 Qxe2 22.
f3 $17) 19. Ng1 Qf5 20. d4 $17) 18... e4 $1 19. Ng5 Qh5 $19 {As a result of
Peter's unsuccessful play, Carlsen has a completely winning position on move
19!} 20. dxe4 (20. Rg1 exd3 21. exd3 h6 $19) 20... Ng4 (20... h6 $5 21. Nf3
Nxc4 22. Qb3 Rxe4 23. Rg1 Kh8 $19) 21. Nf3 Nxc4 {Starting to collect the pawns.
} 22. Qb3 Rxe4 23. Rg1 d5 ({Avoiding the pin wasn't necessary:} 23... Rfxf4 24.
Bxf4 Nxf2+ 25. Kg2 Nh3 $19) 24. Qb5 {Black has many good possibilities, but
here the miracle comes...} Rfxf4 $2 {A terrible misclaculation. Magnus has
missed a nice defensive resourse.} ({All the following continuations were
quite convincing:} 24... Ncxe3 25. fxe3 Nf2+ (25... Rxe3 26. Rg2 Re7 $19) 26.
Kg2 Nh3 27. Rgf1 Rxe3 $19) (24... c5 25. Qd7 Ncxe3 26. fxe3 Nf2+ 27. Kg2 Qg4+
28. Qxg4 Nxg4 $19) (24... Nxf2+ 25. Bxf2 Rxe2 $19) 25. Bxf4 Nxf2+ 26. Kg2 Rxe2
({After} 26... Nh3 27. Qd7 $1 Rxe2+ 28. Kg3 Nxf4 29. Rbe1 $1 {White gets
serious counterplay and should survive as well:} (29. Kxf4 Re4+ 30. Kg3 Qxf3+
31. Kxf3 Ne5+ 32. Kg2 Nxd7 $17) 29... Qg6+ 30. Kxf4 Re4+ 31. Rxe4 Qxe4+ 32. Kg3
Qxf3+ 33. Kxf3 Ne5+ 34. Kf4 Nxd7 35. Rd1 Nf6 36. Ke5 $11) 27. Kf1 $1 {That is
the point! Suddenly White is able to make use of the g-file.} Ne4 ({There was
no more than a perpetual after:} 27... Qxf3 28. Rg3 Qe4 (28... Qxf4 $2 29.
Qxd5+ Qf7 30. Qxf7+ Kxf7 31. Kxe2 $18) 29. Qd7 $1 g6 30. Qc8+ Kg7 31. Qxc7+ Kg8
32. Qd8+ $11) 28. Rxg7+ $1 (28. Kxe2 Nxc3+ 29. Kf2 Nxb5 30. Rxb5 c5 $19) 28...
Kf8 $6 {A risky decision - Magnus is trying to complicate matters, but now
Black is in real danger as well.} ({After the correct} 28... Kxg7 29. Qd7+ Qf7
30. Qg4+ Qg6 31. Qd7+ Kh8 32. Qd8+ Qg8 33. Qxg8+ Kxg8 34. Kxe2 Nxc3+ 35. Kd3
Nxb1 36. Bxc7 $15 {White should be able to survive, but some work is required.}
) 29. Kxe2 Nxc3+ 30. Kf2 Nxb5 31. Rbg1 {Now White's king is well protected,
but the Kf8 is under fire.} Nc3 $2 {A natural mistake in such a scary
situation.} ({It was very difficult to find the most precise defence:} 31...
Nbd6 32. Rg8+ Ke7 33. R1g7+ Kf6 34. Rxc7 d4 $1 {freeing a way out for the
monarch} 35. Rf8+ (35. Ng5 Qd1 36. Rf8+ Kg6 37. Rg8+ Kf6 $11) (35. Nxd4 Qd1 36.
Rf8+ Kg6 37. Rg8+ Kf6 $11) 35... Ke6 36. Nxd4+ Kd5 37. Nf3 Ne4+ 38. Ke2 Nc3+
39. Kf2 Ne4+ $11) 32. Rxc7 $2 {Returning the favour!} ({White's attack seems
decisive after} 32. Rg8+ $1 Ke7 33. R1g7+ Kf6 34. Rxc7 Ne4+ 35. Kg2 $40 {
For example:} Kf5 36. Rf8+ Kg6 37. Re7 $18) 32... Ne4+ 33. Ke1 $1 {Correctly
leaving the knight unprotected.} (33. Ke2 $2 Nc5 $1 34. Rc8+ Kf7 35. Rc7+ Kf6
36. Rc6+ Ne6 37. Rg5 Qe8 38. Nd4 Qxc6 39. Rf5+ Kg6 40. Rg5+ Nxg5 41. Nxc6 Kf5
$17) 33... Nc5 {Now the game ends quickly.} ({White has enough counterplay
also after} 33... Ncd6 34. Nd4 Qh4+ 35. Kd1 Qh3 36. Rg3 $1 Nxg3 (36... Qf1+ 37.
Kc2 Qf2+ 38. Kd3 Nc5+ 39. Rxc5 bxc5 40. Bxd6+ Ke8 41. Bxc5 $11) 37. Bxd6+ Kg8
38. Bxg3 Qg4+ 39. Ne2 $11) 34. Rc8+ Kf7 35. Rc7+ Kf8 ({Magnus had no reason to
refuse the draw at this point:} 35... Kf6 36. Rc6+ Ne6 $6 (36... Kf7 $11) 37.
Nd4 Qh4+ 38. Rg3 Qxf4 39. Rf3 Qxf3 40. Nxf3 $14) 36. Rc8+ Kf7 37. Rc7+ Kf8 {
A very disappointing draw for Magnus in this game!} 1/2-1/2